000 00439nam a2200157Ia 4500
008 240729s9999 xx 000 0 und d
022 _a2317-1545
245 0 _aJournal of Seed Science
260 _aBrazil
260 _bAssociação Brasileira de Tecnologia de Sementes
650 _a Plant culture
650 _aAgriculture
856 _uhttps://doaj.org/toc/228d98484a474565b3821a6835dd37c0
942 _2ddc
942 _cDOAJEJ
999 _c70502
_d70502
945 _a1
_bMadushi Gamage
_c1
_dMadushi Gamage